On the Latin language / (Record no. 8572)
[ view plain ]
| 000 -LEADER | |
|---|---|
| fixed length control field | 01061cam a2200313 a 4500 |
| 001 - CONTROL NUMBER | |
| control field | 8572 |
| 003 - CONTROL NUMBER IDENTIFIER | |
| rucl marc code | BD-RjUL |
| 005 - DATE AND TIME OF LATEST TRANSACTION | |
| control field | 20211208234620.0 |
| 008 - FIXED-LENGTH DATA ELEMENTS--GENERAL INFORMATION | |
| fixed length control field | 140119s1951 enk b 001 0 lat d |
| 035 ## - SYSTEM CONTROL NUMBER | |
| System control number | (BD-RjUL)8617 |
| 040 ## - CATALOGING SOURCE | |
| Original cataloging agency | YNG |
| Transcribing agency | YNG |
| Modifying agency | m.c |
| -- | EUX |
| -- | BD-RjUL |
| Language of cataloging | eng |
| 041 0# - LANGUAGE CODE | |
| Language code of text/sound track or separate title | lat |
| -- | eng |
| Language code of original | lat |
| 082 ## - DEWEY DECIMAL CLASSIFICATION NUMBER | |
| Edition number | 21 |
| Classification number | 470 |
| Author mark and year | VAO 1951 |
| 100 1# - MAIN ENTRY--PERSONAL NAME | |
| Personal name | Varro, Marcus Terentius. |
| 9 (RLIN) | 26703 |
| 245 10 - TITLE STATEMENT | |
| Title | On the Latin language / |
| Statement of responsibility, etc. | Varro ; with an English translation by Roland G. Kent. |
| Number of part/section of a work | VOLUMES II |
| 246 18 - VARYING FORM OF TITLE | |
| Title proper/short title | De lingua Latina |
| 250 ## - EDITION STATEMENT | |
| Edition statement | [Revised] |
| 260 ## - PUBLICATION, DISTRIBUTION, ETC. (IMPRINT) | |
| Place of publication, distribution, etc. | London : |
| Name of publisher, distributor, etc. | W. Heinemann, |
| Date of publication, distribution, etc. | 1951. |
| 300 ## - PHYSICAL DESCRIPTION | |
| Pagination | 2 v. (lii, 675 p.) ; |
| Size | 17 cm. |
| 490 1# - SERIES STATEMENT | |
| Series statement | Loeb classical library ; |
| Volume/sequential designation | 333, 334 |
| 500 ## - GENERAL NOTE | |
| General note | Spine title: De lingua Latina |
| 504 ## - BIBLIOGRAPHY, ETC. NOTE | |
| Bibliography, etc | Includes bibliographical references (v. 1, p. xxxiii-xliii, li-lii) and indexes. |
| 650 #0 - SUBJECT ADDED ENTRY--TOPICAL TERM | |
| Topical term or geographic name as entry element | Latin language |
| 9 (RLIN) | 24749 |
| 700 1# - ADDED ENTRY--PERSONAL NAME | |
| Personal name | Kent, Roland G. |
| Fuller form of name | (Roland Grubb), |
| Dates associated with a name | 1877-1952. |
| 830 #0 - SERIES ADDED ENTRY--UNIFORM TITLE | |
| Volume number/sequential designation | 333, 334. |
| 830 #0 - SERIES ADDED ENTRY--UNIFORM TITLE | |
| Uniform title | Loeb classical library ; |
| 942 ## - ADDED ENTRY ELEMENTS (KOHA) | |
| Source of classification or shelving scheme | Dewey Decimal Classification |
| Koha item type | Books |
| Lost status | Source of classification or shelving scheme | Materials specified (bound volume or other part) | Damaged status | Not for loan | Collection code | Permanent Location | Current Location | Shelving location | Date acquired | Source of acquisition | Cost, normal purchase price | Total Checkouts | Full call number | Date last seen | Copy number | Koha item type |
|---|---|---|---|---|---|---|---|---|---|---|---|---|---|---|---|---|
| Dewey Decimal Classification | V-2 | Not For Loan | Non-fiction | Central Library, University of Rajshahi | Central Library, University of Rajshahi | 10/03/1955 | Shimpkin marshall | 15.00 | 470 VAO 1951 | 19/01/2014 | C-1 | Books |